Southville International School and Colleges
Your cart is empty.
  • Cart
  • Lists
    Public lists Eva Luna New books Lux_list list_1
    Your lists Log in to create your own lists
  • Log in to your account
  • Your cookies
  • Search history
Southville International School and Colleges
  • Advanced search
  • Recent comments
  • Most popular
  • Libraries

Log in to your account

Log in with GOOGLE


If you do not have an external account, but do have a local account, you can still log in:

  1. Home
  2. MARC view: Should I learn to play the trumpet? /
Normal view MARC view ISBD view

Should I learn to play the trumpet? / (Record no. 305503)

[ view plain ]
MARC details
000 -LEADER
fixed length control field 00655nam a2200253Ia 4500
008 - FIXED-LENGTH DATA ELEMENTS--GENERAL INFORMATION
fixed length control field 170203s9999 xx 000 0 und d
020 ## - INTERNATIONAL STANDARD BOOK NUMBER
International Standard Book Number 431057885
050 ## - LIBRARY OF CONGRESS CALL NUMBER
Classification number 788.92
050 ## - LIBRARY OF CONGRESS CALL NUMBER
Item number .P557t 2007
100 ## - MAIN ENTRY--PERSONAL NAME
Personal name Phillpotts, James.
245 ## - TITLE STATEMENT
Title Should I learn to play the trumpet? /
245 ## - TITLE STATEMENT
Statement of responsibility, etc James Phillpostts.
260 ## - PUBLICATION, DISTRIBUTION, ETC. (IMPRINT)
Place of publication, distribution, etc Oxford :
260 ## - PUBLICATION, DISTRIBUTION, ETC. (IMPRINT)
Name of publisher, distributor, etc Harcourt Educational Ltd.
260 ## - PUBLICATION, DISTRIBUTION, ETC. (IMPRINT)
Date of publication, distribution, etc 2007
300 ## - PHYSICAL DESCRIPTION
Extent 32 pages :
300 ## - PHYSICAL DESCRIPTION
Other physical details col. ill. ;
300 ## - PHYSICAL DESCRIPTION
Dimensions 25 cm.
440 ## - SERIES STATEMENT/ADDED ENTRY--TITLE
Title Learning musical instruments.
650 ## - SUBJECT ADDED ENTRY--TOPICAL TERM
Topical term or geographic name as entry element trumpet music.
650 ## - SUBJECT ADDED ENTRY--TOPICAL TERM
Topical term or geographic name as entry element trumpet.
650 ## - SUBJECT ADDED ENTRY--TOPICAL TERM
General subdivision Juvenile literature.
650 ## - SUBJECT ADDED ENTRY--TOPICAL TERM
General subdivision Juvenile literature.
Holdings
Withdrawn status Lost status Damaged status Home library Current library Shelving location Date acquired Total Checkouts Full call number Barcode Date last seen Price effective from Koha item type
      Stonyhurst Southville International School (Batangas) Stonyhurst Southville International School (Batangas)   02/03/2017   788.92 .P557t 2007 US-0569 02/03/2017 02/03/2017 Books

Should I learn to play the trumpet? /

APA

Phillpotts J., .Should I learn to play the trumpet?. Oxford: .

Chicago

Phillpotts James, .Should I learn to play the trumpet?. Oxford: .

Harvard

Phillpotts J., .Should I learn to play the trumpet?. Oxford: .

MLA

Phillpotts James, .Oxford: . .

  • Place hold
  • Print
  • Cite
  • Add to your cart (remove)
  • Save record
    BIBTEX Dublin Core MARCXML MARC (non-Unicode/MARC-8) MARC (Unicode/UTF-8) MARC (Unicode/UTF-8, Standard) MODS (XML) RIS
  • More searches
    Search for this title in:
    Other Libraries (WorldCat) Other Databases (Google Scholar) Online Stores (Bookfinder.com) Open Library (openlibrary.org)

Exporting to Dublin Core...

SOUTHVILLE LIBRARY

Southville International School and Colleges Library

1281 Tropical Ave. Cor. Luxembourg St., BF Homes International, Las Pinas City

Tel. No. 8256374 / 252358 Loc. 117/146

Powered by Koha